Abú-Béquer, el tortosí : la Catalunya sarraïna / Roser Reynal la Catalunya sarraïna / Roser Reynal
Descripción Física:
62 p. : il. ; 21 cm
Colección:
Biblioteca de la classe ; 25
MARC
| LEADER | 00000nam a2200000Ia 4500 | ||
|---|---|---|---|
| 001 | 7603 | ||
| 008 | 160829s1987 xx 000 0 cat d | ||
| 080 | |a H-2-58 | ||
| 100 | |a Reynal, Roser |9 25424 | ||
| 245 | |a Abú-Béquer, el tortosí : |b la Catalunya sarraïna / Roser Reynal | ||
| 260 | |a Barcelona : |b Graó : |b Diputació de Barcelona. Servei d'Ensenyament i Investigació, |c 1987 | ||
| 300 | |a 62 p. : |b il. ; |c 21 cm | ||
| 490 | |a Biblioteca de la classe ; 25 | ||
| 650 | |a Àrabs |x Catalunya |9 25425 | ||
| 650 | |a Catalunya |x Història |x S. X |9 25426 | ||
| 710 | 1 | |a Barcelona (Catalunya : Província). |b Servei d'Ensenyament i Investigació |9 54366 | |
| 901 | |a Arxiu | ||
| 942 | |n 1 | ||
| 952 | |0 0 |1 0 |4 0 |6 H258 |7 1 |9 43611 |a Arxiu |b Arxiu |d 2016-12-01 |l 0 |o H-2-58 |p 7603 |r 2016-12-01 00:00:00 |w 2016-12-01 |y ARXIU | ||
| 999 | |c 46159 |d 46159 | ||